| 000 | 00623nam a22001937a 4500 | ||
|---|---|---|---|
| 999 |
_c329252 _d329252 |
||
| 003 | NUST | ||
| 005 | 20180125094015.0 | ||
| 008 | 150904b xxu||||| |||| 00| 0 eng d | ||
| 020 | _a8121924405 | ||
| 040 | _c0 | ||
| 082 | _a621.305 THE | ||
| 100 |
_9125 _aTheraja, B.L. |
||
| 245 |
_a A textbook of Electrical Technology Vol-1 _cB.L. Theraja _bBasic Electrical Engineering |
||
| 260 |
_c2005 _aRam Nagar,New Delhi _bS.Chand & Company |
||
| 300 | _a864+p | ||
| 500 | _aP.B | ||
| 650 |
_95527 _aElectrical Engineering _xEL, EE |
||
| 942 |
_2ddc _cREF _k621.305 THE |
||